Baroque Italy and Central Europe (Record no. 844)
[ view plain ]
| 000 -LEADER | |
|---|---|
| fixed length control field | 00244nam a2200097Ia 4500 |
| 008 - FIXED-LENGTH DATA ELEMENTS--GENERAL INFORMATION | |
| fixed length control field | 200302s9999 xx 000 0 und d |
| 100 ## - MAIN ENTRY--PERSONAL NAME | |
| Personal name | Henri Stierlin |
| 245 ## - TITLE STATEMENT | |
| Title | Baroque Italy and Central Europe |
| 260 ## - PUBLICATION, DISTRIBUTION, ETC. | |
| Name of publisher, distributor, etc. | Taschen Verlag Gmbh |
| 300 ## - PHYSICAL DESCRIPTION | |
| Extent | 192 P., |
| Withdrawn status | Lost status | Damaged status | Not for loan | Permanent Location | Current Location | Date acquired | Cost, normal purchase price | Barcode | Date last seen | Price effective from | Koha item type |
|---|---|---|---|---|---|---|---|---|---|---|---|
| BMS College of Architecture, Design and Planning | BMS College of Architecture, Design and Planning | 2020-03-03 | 899.64 | CL-UG32969 | 2020-03-03 | 2020-03-03 | UG Books from CL |